Tratado de gastroenterología, hepatología y nutrición pediátrica / (Registro nro. 13043)

Detalles MARC
000 -LIDER
fixed length control field 01242nam a22003137a 4500
003 - IDENTIFICACDOR DE NÚMERO DE CONTROL
control field DO-SdBNP
005 - DATE AND TIME OF LATEST TRANSACTION
control field 20220517131832.0
008 - ELEMENTOS DE LONGITUD FIJA
fixed length control field 171123b 2011 sp a||||| |||| 00| 0 spa d
020 ## - ISBN
International Standard Book Number 9788415142034
040 ## - FUENTE DE CATALOGACIÓN
Agencia que crea de manera original el registro BPMSU
Idioma de catalogación spa
Agencia que realiza la transcripción BPMSU
082 ## - NÚMERO DE CLASIFICACIÓN DECIMAL DE DEWEY
Classification number 612.92
Item number T776g 2011
Edition number 22
245 ## - MENCIÓN DE TITULO
Título Tratado de gastroenterología, hepatología y nutrición pediátrica /
Mención de responsabilidad F. Argüelles M. ... [et al .]. : prólogo Luis Peña Quintana
260 ## - PUBLICACIÓN, DISTRIBUCIÓN, ETC. (PIE DE IMPRENTA)
Lugar de publicación, distribución, etc España :
Nombre del editor, distribuidor, etc. Oceano /Ergon,
Fecha de publicación, distribución, etc 2011.
300 ## - DESCRIPCIÓN FÍSICA
Extensión v. :
Otros detalles físicos il. , + CD -ROM ;
Dimensiones 30 cm.
505 ## - NOTA DE CONTENIDO
Texto normalizado de contenido v.1 Desarrollo y fisiología del aparato digestivo ; Semiología de las enfermedades gastrointestinales ; Patología digestiva clasificada por órganos. -- v.2 Tratamiento nutricional de las enfermedades gastrointestinales ; Tratamiento farmacológico ; Técnicas diagnósticas
650 #4 - ENCABEZAMIENTO DE MATERIA--TEMÁTICO
Término temático o nombre geográfico como elemento de entrada Pediatría.
650 #4 - ENCABEZAMIENTO DE MATERIA--TEMÁTICO
Término temático o nombre geográfico como elemento de entrada Gastroenterología pediátrica.
650 #4 - ENCABEZAMIENTO DE MATERIA--TEMÁTICO
Término temático o nombre geográfico como elemento de entrada Nutrición infantil.
650 #4 - ENCABEZAMIENTO DE MATERIA--TEMÁTICO
Término temático o nombre geográfico como elemento de entrada Hepatología pediátrica.
700 1# - ASIENTO SECUNDARIO -- NOMBRE PERSONAL
Nombre personal Argüelles M., F.
700 1# - ASIENTO SECUNDARIO -- NOMBRE PERSONAL
Nombre personal García N., M. D.
700 1# - ASIENTO SECUNDARIO -- NOMBRE PERSONAL
Nombre personal Pavón B., P.
700 1# - ASIENTO SECUNDARIO -- NOMBRE PERSONAL
Nombre personal Román R., E.
700 1# - ASIENTO SECUNDARIO -- NOMBRE PERSONAL
Nombre personal Silva G., G.
700 1# - ASIENTO SECUNDARIO -- NOMBRE PERSONAL
Nombre personal Sojo A., A.
700 1# - ASIENTO SECUNDARIO -- NOMBRE PERSONAL
Nombre personal Peña Quintana, Luis,
Mención de responsabilidad pról.
910 ## - VALIDACIÓN
Validación VMateo V.
942 ## - ADDED ENTRY ELEMENTS (KOHA)
Source of classification or shelving scheme Dewey Decimal Classification
Koha item type Libros
Existencias
Withdrawn status Lost status Source of classification or shelving scheme Damaged status Not for loan Collection code Home library Current library Date acquired Source of acquisition Full call number Barcode Date last seen Copy number Price effective from Koha item type
    Dewey Decimal Classification     Colección General Biblioteca Pública Metropolitana Salomé Ureña Biblioteca Pública Metropolitana Salomé Ureña 11/23/2017 COMPRA BPMSU CG 612.92 T776g 2011 BPMSU17110362 11/23/2017 v. 1 11/23/2017 Libros
    Dewey Decimal Classification     Colección General Biblioteca Pública Metropolitana Salomé Ureña Biblioteca Pública Metropolitana Salomé Ureña 11/23/2017 COMPRA BPMSU CG 612.92 T776g 2011 BPMSU17110363 11/23/2017 v. 1, e. 2 11/23/2017 Libros
    Dewey Decimal Classification     Colección General Biblioteca Pública Metropolitana Salomé Ureña Biblioteca Pública Metropolitana Salomé Ureña 11/23/2017 COMPRA BPMSU CG 612.92 T776g 2011 BPMSU17110364 11/23/2017 v. 2 11/23/2017 Libros
    Dewey Decimal Classification     Colección General Biblioteca Pública Metropolitana Salomé Ureña Biblioteca Pública Metropolitana Salomé Ureña 11/23/2017 COMPRA BPMSU CG 612.92 T776g 2011 BPMSU17110365 11/23/2017 v. 2, e. 2 11/23/2017 Libros